000 00556nam a2200193Ia 4500
003 GCL
008 140319s9999 xx 000 0 ara d
040 _aGCL /
_cGCL
082 0 4 _a701.18
_bم ت
100 1 _aمحسن محمد عطية
245 1 0 _aتذوق الفن: الاساليب - التقنيات - المذاهب /
_cمحسن محمد عطية
300 _a222 ص
490 _aكتاب
_v0
650 0 4 _aالرؤيا
650 0 4 _aالفن
650 0 4 _aالتذوق الفنى
650 0 4 _aالرؤية فى الفن
942 _2ddc
_cBK
999 _c41497
_d41497